000
00490nam a2200181Ia 4500
008
090123s9999 xx 000 0 und d
082
_b
3736
100
_a
गुंडन के.
245
_a
मांगल्य भाग्य
250
_a
3
260
_c
1974
300
_a
36
600
_a
गुंडन के.
630
_a
मांगल्य भाग्य
700
_a
गुंडन के.
730
_a
मांगल्य भाग्य
942
_c
BOOK
999
_c
41815
_d
41815